<?xml version="1.0" encoding="UTF-8"?>
<record
    xmlns:xsi="http://www.w3.org/2001/XMLSchema-instance"
    xsi:schemaLocation="http://www.loc.gov/MARC21/slim http://www.loc.gov/standards/marcxml/schema/MARC21slim.xsd"
    xmlns="http://www.loc.gov/MARC21/slim">

  <leader>02419nam a22002537a 4500</leader>
  <controlfield tag="003">OSt</controlfield>
  <controlfield tag="005">20260511111944.0</controlfield>
  <controlfield tag="008">260428b        |||||||| |||| 00| 0 eng d</controlfield>
  <datafield tag="022" ind1=" " ind2=" ">
    <subfield code="a">2076-3387</subfield>
  </datafield>
  <datafield tag="040" ind1=" " ind2=" ">
    <subfield code="a">TBS</subfield>
    <subfield code="b">EN</subfield>
    <subfield code="c">TBS</subfield>
  </datafield>
  <datafield tag="041" ind1=" " ind2=" ">
    <subfield code="a">eng</subfield>
  </datafield>
  <datafield tag="100" ind1=" " ind2=" ">
    <subfield code="a">Sz&#xE1;nt&#xF3;, P&#xE9;ter</subfield>
    <subfield code="9">26929</subfield>
    <subfield code="e">author</subfield>
  </datafield>
  <datafield tag="245" ind1=" " ind2=" ">
    <subfield code="a">Research gap in personal branding</subfield>
    <subfield code="b">: understanding and quantifying personal branding by developing a standardized framework for personal brand equity measurement</subfield>
    <subfield code="c">/ P&#xE9;ter Sz&#xE1;nt&#xF3;, &#xC1;rp&#xE1;d Papp-V&#xE1;ry, L&#xE1;szl&#xF3; Rad&#xE1;csi.</subfield>
  </datafield>
  <datafield tag="260" ind1=" " ind2=" ">
    <subfield code="b">Administrative Sciences, </subfield>
    <subfield code="c">2025.</subfield>
  </datafield>
  <datafield tag="300" ind1=" " ind2=" ">
    <subfield code="a">148 page.</subfield>
  </datafield>
  <datafield tag="490" ind1=" " ind2=" ">
    <subfield code="a">Administrative Sciences</subfield>
    <subfield code="v">vol.15, no.4</subfield>
  </datafield>
  <datafield tag="505" ind1=" " ind2=" ">
    <subfield code="a">Keywords: Personal Branding; Personal Brand Equity; career development; measurement framework; strategic branding</subfield>
  </datafield>
  <datafield tag="520" ind1=" " ind2=" ">
    <subfield code="a">Personal Branding (PB) has gained significant attention in recent years, especially in career advancement and business success. This study addresses the research gap in Personal Brand Equity (PBE) measurement by developing and validating a standardized framework. Using mixed-methods research combining interviews with 10 professionals and surveys of 396 individuals across diverse professional categories, the study identifies and validates three dimensions of PBE: Brand Appeal, Brand Differentiation, and Brand Recognition. Factor analysis revealed six critical attributes influencing PBE (visibility, credibility, differentiation, online presence, professional network, and reputation) and distinguished between external- and self-Personal Brand Equity components. Data were analyzed using exploratory and confirmatory factor analyses (EFA and CFA), with reliability assessed through Cronbach&#x2019;s alpha (&gt;0.7). Findings demonstrate significant correlations between high PBE scores and positive career outcomes including job satisfaction, salary progression, and advancement opportunities. The resulting Personal Brand Equity Scale (PBES) provides both a measurement tool for professionals seeking to enhance their personal brands and a validated framework for future academic research on personal branding effectiveness.
</subfield>
  </datafield>
  <datafield tag="630" ind1=" " ind2="0">
    <subfield code="a">B2 PBT &#x200B;&#x200B;Personal&#xA0;Brand&#x200B; (BiM)</subfield>
    <subfield code="9">26903</subfield>
  </datafield>
  <datafield tag="700" ind1=" " ind2=" ">
    <subfield code="a">Papp-V&#xE1;ry, &#xC1;rp&#xE1;d</subfield>
    <subfield code="9">26930</subfield>
    <subfield code="e">author</subfield>
  </datafield>
  <datafield tag="700" ind1=" " ind2=" ">
    <subfield code="a">Rad&#xE1;csi, L&#xE1;szl&#xF3;</subfield>
    <subfield code="9">26931</subfield>
    <subfield code="e">author</subfield>
  </datafield>
  <datafield tag="856" ind1=" " ind2=" ">
    <subfield code="u">https://research-ebsco-com.hub.tbs-education.fr/linkprocessor/plink?id=a57960ad-0329-3f07-8127-0bce15738870</subfield>
  </datafield>
  <datafield tag="942" ind1=" " ind2=" ">
    <subfield code="2">lcc</subfield>
  </datafield>
  <datafield tag="952" ind1=" " ind2=" ">
    <subfield code="0">0</subfield>
    <subfield code="1">0</subfield>
    <subfield code="2">ddc</subfield>
    <subfield code="4">0</subfield>
    <subfield code="7">0</subfield>
    <subfield code="8">CT</subfield>
    <subfield code="a">TBS</subfield>
    <subfield code="b">TBS</subfield>
    <subfield code="d">2026-05-08</subfield>
    <subfield code="l">0</subfield>
    <subfield code="r">2026-05-08</subfield>
    <subfield code="u">https://research-ebsco-com.hub.tbs-education.fr/linkprocessor/plink?id=a57960ad-0329-3f07-8127-0bce15738870</subfield>
    <subfield code="w">2026-05-08</subfield>
    <subfield code="y">ARTICLE</subfield>
  </datafield>
  <datafield tag="999" ind1=" " ind2=" ">
    <subfield code="c">5432</subfield>
    <subfield code="d">5432</subfield>
  </datafield>
</record>
